=LDR 00000nam 2200000 4500 =001 NUTBA000000000004248 =005 20140909084313.0 =006 =007 =008 =020 ##$$a 979-28-0740-5 =035 ##$$a 0010-091400000000281 =040 ##$$a NBPDMAT =082 ##$$a 540.76 =090 ##$$a 540.76 $b Ani d =100 ##$$a Ani Dyah Rupaidah =245 ##$$a Detik detik ujian nasional kimia tahun pelayaran 2013 /2014 untuk SMA/MA program IPA / $c oleh Anis Dyah Rufaida =260 ##$$a Klaten : $b Intan Pariwara, $c 2013 =300 ##$$a iv, 108 hlm. ; $c 29 cm. =650 ##$$a Kimia SMA-ujian =990 ##$$a 21411097